[Event "WYCC 2018 G14"]
[Site "Halkidiki"]
[Date "2018.10.30"]
[Round "11"]
[White "Zhu, Evelyn"]
[Black "Mrudul Dehankar"]
[Result "1/2-1/2"]
[WhiteElo "1926"]
[BlackElo "1996"]
[Annotator "NA"]
[PlyCount "153"]
[EventDate "2018.10.20"]
[EventType "swiss"]
[EventCountry "GRE"]
[SourceTitle "playchess.com"]
[Source "ChessBase"]
[SourceQuality "1"]
[TimeControl "40/5400+30:1800+30"]

1. d4 {[%emt 0:00:00]} Nf6 {[%emt 0:00:00]} 2. c4 {[%emt 0:00:00]} e6 {[%emt 0:00:00]} 3. Nc3 {[%emt 0:00:00]} Bb4 {[%emt 0:00:00]} 4. Qc2 {[%emt 0:00:00]} O-O {[%emt 0:00:07]} 5. a3 {[%emt 0:00:00]} Bxc3+ {[%emt 0:00:18]} 6. Qxc3 {[%emt 0:00:01]} b6 {[%emt 0:01:02]} 7. Bg5 {[%emt 0:00:14]} h6 {[%emt 0:00:15]} 8. Bh4 {[%emt 0:02:06]} Bb7 {[%emt 0:01:13]} 9. f3 {[%emt 0:02:03]} c5 {[%emt 0:06:30]} 10. dxc5 {[%emt 0:04:34]} bxc5 {[%emt 0:02:23]} 11. e3 {[%emt 0:05:01]} d5 {[%emt 0:30:06] E32: Nimzo-Indian: Classical (4 Qc2): 4...0-0} (11... d6 12. Nh3 Nbd7 13. Be2 a5 14. Bg3 Qb6 15. Rd1 d5 16. O-O a4 17. Rd2 Bc6 18. Rc1 Rfc8 19. Bf2 {½-½ (19) Kharitonov,A (2558)-Nikolov,M (2561) Aghios Kirykos 2017}) 12. Bxf6 {[%emt 0:09:30]} Qxf6 {[%emt 0:01:22]} 13. Qxf6 {[%emt 0:00:46]} gxf6 {[%emt 0:00:02]} 14. cxd5 {[%emt 0:01:06]} exd5 {[%emt 0:01:17]} 15. Bb5 {[%emt 0:05:10]} Bc6 $146 {[%emt 0:05:22]} ({Predecessor:} 15... Nc6 16. Bxc6 Bxc6 17. Rc1 c4 18. Ne2 Rab8 {0-1 (47) Shitsuka,R-Priya Panneer,R (2106) Heraklio 2002}) 16. Bd3 {[%emt 0:11:10]} Nd7 {[%emt 0:04:04]} 17. Ne2 {[%emt 0:07:10]} Rab8 {[%emt 0:10:13]} 18. Rb1 {[%emt 0:04:19]} Ne5 {[%emt 0:05:17]} 19. Kd2 {[%emt 0:03:14]} Nxd3 {[%emt 0:07:15]} 20. Kxd3 {[%emt 0:00:01]} Rb3+ {[%emt 0:00:19]} 21. Nc3 {[%emt 0:06:42]} ({White should play} 21. Kd2 $15) 21... Rfb8 {[%emt 0:02:48]} 22. Kc2 {[%emt 0:02:20]} d4 {[%emt 0:01:44]} 23. exd4 {[%emt 0:08:40]} cxd4 {[%emt 0:00:04]} 24. Ne4 {[%emt 0:01:05]} d3+ {[%emt 0:06:19]} 25. Kd2 {[%emt 0:01:06]} Bxe4 {[%emt 0:03:24]} 26. fxe4 {[%emt 0:00:01]} Rxb2+ {[%emt 0:00:14]} 27. Rxb2 {[%emt 0:00:06]} Rxb2+ {[%emt 0:00:04]} 28. Kxd3 {[%emt 0:00:14]} Rxg2 {[%emt 0:00:05]} 29. Rf1 {[%emt 0:08:10]} Ra2 {[%emt 0:07:42]} 30. Rxf6 {[%emt 0:01:17]} Rxa3+ {[%emt 0:00:08]} 31. Kd4 {[%emt 0:01:55]} Kg7 {[%emt 0:00:12]} 32. Rf2 {[%emt 0:03:58]} a5 {[%emt 0:02:45]} 33. Rg2+ {[%emt 0:08:17]} Kf6 {[%emt 0:01:05]} 34. Rf2+ {[%emt 0:00:04]} Ke7 {[%emt 0:00:25]} 35. Rf5 {[%emt 0:00:51]} Rh3 {[%emt 0:01:10]} 36. Rxa5 {[%emt 0:01:04]} Rxh2 {[%emt 0:00:08]} 37. Ra6 {[%emt 0:01:16]} Kf8 {[%emt 0:01:15]} 38. Ke3 {[%emt 0:01:06]} Kg7 {[%emt 0:00:27]} 39. Kf3 {[%emt 0:00:27]} Rh4 {[%emt 0:00:47]} 40. Rb6 {[%emt 0:00:00]} Rh1 {[%emt 0:00:00]} 41. Rb5 {[%emt 0:12:01]} Rf1+ {[%emt 0:02:07]} 42. Kg2 {[%emt 0:04:06]} Re1 {[%emt 0:02:18]} 43. Re5 {[%emt 0:01:52]} Kg6 {[%emt 0:04:24]} 44. Kf2 {[%emt 0:02:18]} Rb1 {[%emt 0:01:35]} 45. Ra5 {[%emt 0:03:34]} Rb3 {[%emt 0:00:20]} 46. Ra6+ {[%emt 0:00:51]} Kg5 {[%emt 0:01:13]} 47. Ra5+ {[%emt 0:01:07]} Kg4 {[%emt 0:05:22]} 48. Rf5 {[%emt 0:06:42]} Rb7 {[%emt 0:00:19]} 49. Rf6 {[%emt 0:00:30]} h5 {[%emt 0:00:27]} 50. e5 {[%emt 0:01:34]} Re7 {[%emt 0:03:09]} 51. Kg2 {[%emt 0:00:33]} h4 {[%emt 0:01:01]} 52. Kh2 {[%emt 0:02:30]} h3 {[%emt 0:00:31]} 53. Rf1 {[%emt 0:01:44]} Ra7 {[%emt 0:01:34]} 54. Rg1+ {[%emt 0:01:09]} Kh4 {[%emt 0:01:04]} 55. Rg7 {[%emt 0:00:37]} Ra2+ {[%emt 0:00:08]} 56. Kh1 $1 {[%emt 0:00:29]} Rf2 $11 {[%emt 0:00:11]} 57. Rh7+ {[%emt 0:00:10]} Kg4 {[%emt 0:01:52]} 58. Rg7+ {[%emt 0:00:08]} Kh5 {[%emt 0:00:31]} 59. Rh7+ {[%emt 0:00:06]} Kg6 {[%emt 0:00:05]} 60. Rxh3 {[%emt 0:00:07]} Kf5 {[%emt 0:01:00]} 61. Kg1 {[%emt 0:00:39]} Rf4 {[%emt 0:00:19]} 62. Re3 {[%emt 0:01:29]} Rg4+ {[%emt 0:00:53]} 63. Kf2 {[%emt 0:00:24]} Re4 {[%emt 0:00:15]} 64. Ra3 {[%emt 0:00:09]} Rxe5 {[%emt 0:00:18]} 65. Rf3+ {[%emt 0:00:09]} Ke6 {[%emt 0:00:33]} 66. Ra3 {[%emt 0:00:05]} f6 {[%emt 0:00:22]} 67. Kf3 {[%emt 0:00:36]} Kf5 {[%emt 0:00:05]} 68. Ra4 {[%emt 0:00:18]} Rb5 {[%emt 0:00:50]} 69. Rf4+ {[%emt 0:00:24]} Kg6 {[%emt 0:01:01]} 70. Rg4+ {[%emt 0:00:05]} Kf7 {[%emt 0:00:51]} 71. Ra4 {[%emt 0:00:13]} Rb3+ {[%emt 0:00:03]} 72. Kf4 {[%emt 0:00:15]} Kg6 {[%emt 0:00:03]} 73. Ra5 {[%emt 0:00:16]} Rb4+ {[%emt 0:01:54]} 74. Kf3 {[%emt 0:00:09]} Rh4 {[%emt 0:00:11]} 75. Kg3 {[%emt 0:00:41]} Re4 {[%emt 0:01:14]} 76. Kf3 {[%emt 0:00:06]} Rb4 {[%emt 0:02:25]} 77. Kg3 $11 {[%emt 0:00:22]} 1/2-1/2

[Event "WYCC 2018 G14"]
[Site "Halkidiki"]
[Date "2018.10.30"]
[Round "11"]
[White "Kuhar, Larisa"]
[Black "Wen, Yili"]
[Result "0-1"]
[WhiteElo "1916"]
[BlackElo "2083"]
[Annotator "NA"]
[PlyCount "100"]
[EventDate "2018.10.20"]
[EventType "swiss"]
[EventCountry "GRE"]
[SourceTitle "playchess.com"]
[Source "ChessBase"]
[SourceQuality "1"]
[TimeControl "40/5400+30:1800+30"]

1. e4 {[%emt 0:00:00]} e5 {[%emt 0:00:00]} 2. Nf3 {[%emt 0:00:00]} Nc6 {[%emt 0:00:00]} 3. Bb5 {[%emt 0:00:00]} a6 {[%emt 0:00:00]} 4. Bxc6 {[%emt 0:00:07]} dxc6 {[%emt 0:00:00]} 5. O-O {[%emt 0:00:10]} f6 {[%emt 0:00:19]} 6. d4 {[%emt 0:00:32]} exd4 {[%emt 0:00:05]} 7. Nxd4 {[%emt 0:00:06]} c5 {[%emt 0:00:14]} 8. Ne2 {[%emt 0:00:13]} Qxd1 {[%emt 0:00:05]} 9. Rxd1 {[%emt 0:00:07]} Bd7 {[%emt 0:00:04]} 10. Nbc3 {[%emt 0:00:41]} O-O-O {[%emt 0:00:14]} 11. Be3 {[%emt 0:00:53]} Re8 {[%emt 0:01:17]} 12. Rd2 {[%emt 0:01:15] C69: Ruy Lopez: Exchange Variation with 5 0-0 f6} Bc6 {[%emt 0:00:37]} 13. Rad1 {[%emt 0:00:44]} b6 $146 {[%emt 0:02:01]} (13... Bd6 14. Bf4 Bxf4 15. Nxf4 Nh6 16. Nh5 Rhg8 17. f3 f5 18. Ng3 fxe4 19. Ncxe4 Re5 {1-0 (47) Socko,B (2617)-Nyback,T (2608) Germany 2015}) 14. Nf4 {[%emt 0:03:52]} Nh6 {[%emt 0:03:58]} 15. f3 {[%emt 0:03:34]} Nf7 {[%emt 0:02:30]} 16. Ncd5 {[%emt 0:03:57]} Ne5 {[%emt 0:00:54]} 17. b3 {[%emt 0:00:53]} h5 {[%emt 0:02:43]} 18. h4 {[%emt 0:05:44]} Kb7 {[%emt 0:02:34]} 19. c4 {[%emt 0:03:42]} Bd6 {[%emt 0:01:32]} 20. Kf2 {[%emt 0:10:03]} Ref8 {[%emt 0:11:24]} 21. Rc2 {[%emt 0:10:36]} Rf7 {[%emt 0:13:03]} 22. Ke2 {[%emt 0:09:57]} Bd7 {[%emt 0:10:11]} 23. Rcc1 {[%emt 0:08:50]} Nc6 {[%emt 0:11:27]} 24. Ng6 {[%emt 0:09:07]} Re8 {[%emt 0:00:24]} 25. Bf4 {[%emt 0:08:22]} Bxf4 {[%emt 0:07:51]} 26. Ngxf4 {[%emt 0:00:15]} f5 {[%emt 0:00:13]} 27. Kd3 {[%emt 0:01:48]} fxe4+ {[%emt 0:01:53]} 28. fxe4 {[%emt 0:02:17]} Nb4+ {[%emt 0:01:49]} 29. Nxb4 {[%emt 0:03:35]} Rxf4 {[%emt 0:00:08]} 30. Nd5 {[%emt 0:00:49]} Rfxe4 {[%emt 0:00:36]} 31. Rf1 {[%emt 0:04:06]} Rd4+ {[%emt 0:02:30]} 32. Kc3 {[%emt 0:01:38]} Bc6 {[%emt 0:03:12]} 33. Rf7 {[%emt 0:04:25]} Bxd5 {[%emt 0:00:18]} 34. cxd5 {[%emt 0:00:01]} Re3+ {[%emt 0:00:34]} 35. Kb2 {[%emt 0:00:20]} Re2+ {[%emt 0:00:08]} 36. Rc2 {[%emt 0:00:22]} Ree4 {[%emt 0:05:19]} 37. Rxg7 {[%emt 0:01:00]} Rxh4 {[%emt 0:00:04]} 38. Re2 {[%emt 0:00:41]} Rhg4 {[%emt 0:01:28]} 39. Rd7 {[%emt 0:00:57]} b5 {[%emt 0:07:22]} 40. Ree7 {[%emt 0:00:00]} Rxg2+ {[%emt 0:00:00]} 41. Kc1 {[%emt 0:04:27]} Rh4 {[%emt 0:08:06]} 42. Rxc7+ {[%emt 0:03:00]} Kb6 {[%emt 0:00:03]} 43. Rc6+ {[%emt 0:00:19]} Ka5 {[%emt 0:00:04]} 44. Re1 {[%emt 0:01:54]} Rxa2 {[%emt 0:01:06]} 45. Kb1 {[%emt 0:01:11]} Rhh2 {[%emt 0:03:04]} 46. Rxc5 {[%emt 0:03:58]} Rad2 {[%emt 0:08:11]} 47. Kc1 {[%emt 0:08:17]} Kb4 {[%emt 0:01:49]} 48. Rc6 {[%emt 0:00:19]} a5 {[%emt 0:00:21]} 49. Rd1 {[%emt 0:02:43]} Ra2 {[%emt 0:00:30]} 50. Kb1 {[%emt 0:00:47]} Ka3 {[%emt 0:00:07]} 0-1

[Event "WYCC 2018 G14"]
[Site "Halkidiki"]
[Date "2018.10.30"]
[Round "11"]
[White "Rodriguez Redondo, Adhara"]
[Black "Allahverdiyeva, Ayan"]
[Result "1-0"]
[WhiteElo "1911"]
[BlackElo "2116"]
[Annotator "NA"]
[PlyCount "95"]
[EventDate "2018.10.20"]
[EventType "swiss"]
[EventCountry "GRE"]
[SourceTitle "playchess.com"]
[Source "ChessBase"]
[SourceQuality "1"]
[TimeControl "40/5400+30:1800+30"]

1. e4 {[%emt 0:00:00]} c5 {[%emt 0:00:49]} 2. Nf3 {[%emt 0:00:00]} e6 {[%emt 0:00:05]} 3. d4 {[%emt 0:00:00]} cxd4 {[%emt 0:00:02]} 4. Nxd4 {[%emt 0:00:00]} Nf6 {[%emt 0:00:04]} 5. Nc3 {[%emt 0:00:02]} d6 {[%emt 0:00:06]} 6. Be2 {[%emt 0:00:09]} Be7 {[%emt 0:00:04]} 7. O-O {[%emt 0:00:12]} O-O {[%emt 0:00:05]} 8. f4 {[%emt 0:00:20]} Nc6 {[%emt 0:00:04]} 9. Be3 {[%emt 0:00:12]} e5 {[%emt 0:00:14]} 10. fxe5 {[%emt 0:00:11]} dxe5 {[%emt 0:03:50]} 11. Nf5 {[%emt 0:00:06]} Bxf5 {[%emt 0:00:31]} 12. Rxf5 {[%emt 0:00:06]} Qxd1+ {[%emt 0:00:12]} 13. Rxd1 {[%emt 0:00:14]} g6 {[%emt 0:00:39]} 14. Rf2 {[%emt 0:00:30]} Kg7 {[%emt 0:07:24] B83: Sicilian Scheveningen: 6 Be2, lines without ...a6} 15. Bg5 {[%emt 0:08:34]} (15. h3 Rac8 16. Bb5 a6 17. Bxc6 Rxc6 18. Nd5 Nxe4 19. Nxe7 Nxf2 20. Bxf2 Rxc2 21. b4 Rc7 22. Bc5 {0-1 (46) Polzin,R (2500)-Sokolov,A (2559) Germany 2008}) 15... Nd4 {[%emt 0:03:07]} 16. Bxf6+ $146 {[%emt 0:01:18]} ({Predecessor:} 16. Bc4 Rac8 17. b3 Ng8 18. Be3 f5 19. exf5 gxf5 20. Bxd4 exd4 21. Nb5 Bg5 22. Nxd4 Be3 {1-0 (58) Saveliev,A (2372)-Gueci,T (2158) Stockholm 2017}) 16... Bxf6 {[%emt 0:00:07]} 17. Nd5 {[%emt 0:00:18]} Bg5 {[%emt 0:04:06]} 18. c3 {[%emt 0:00:29]} Ne6 {[%emt 0:00:20]} 19. g3 {[%emt 0:06:10]} Nc5 {[%emt 0:01:41]} 20. Bd3 {[%emt 0:03:52]} a5 {[%emt 0:06:58]} 21. h4 {[%emt 0:05:31]} Bd8 {[%emt 0:00:53]} 22. Re2 {[%emt 0:05:00]} h5 {[%emt 0:01:29]} 23. Bb5 {[%emt 0:07:16]} Rc8 {[%emt 0:07:27]} 24. Kg2 {[%emt 0:08:32]} Bc7 {[%emt 0:01:13]} 25. b4 {[%emt 0:08:53]} axb4 {[%emt 0:00:33]} 26. cxb4 {[%emt 0:00:10]} Ne6 {[%emt 0:00:10]} 27. Bd7 {[%emt 0:04:28]} Nd4 {[%emt 0:06:42]} 28. Bxc8 {[%emt 0:02:01]} Rxc8 {[%emt 0:03:54]} 29. Rb2 {[%emt 0:10:13]} Bd6 {[%emt 0:00:46]} 30. Rd3 {[%emt 0:05:52]} Rc4 {[%emt 0:02:50]} 31. Rc3 {[%emt 0:01:13]} Rxc3 {[%emt 0:00:20]} 32. Nxc3 {[%emt 0:00:07]} f5 {[%emt 0:00:03]} 33. a4 {[%emt 0:01:52]} f4 {[%emt 0:01:26]} 34. gxf4 {[%emt 0:02:18]} exf4 {[%emt 0:00:38]} 35. Nd5 {[%emt 0:01:00]} g5 {[%emt 0:03:11]} 36. hxg5 {[%emt 0:02:17]} f3+ {[%emt 0:00:37]} 37. Kf2 {[%emt 0:06:46]} h4 {[%emt 0:00:11]} 38. Ke3 {[%emt 0:01:06]} Be5 {[%emt 0:00:55]} 39. Rb1 {[%emt 0:02:06]} Kg6 {[%emt 0:01:48]} 40. b5 {[%emt 0:00:00]} h3 {[%emt 0:00:00]} 41. Nf4+ {[%emt 0:06:02]} Kxg5 {[%emt 0:17:00]} 42. Nxh3+ {[%emt 0:00:26]} Kg4 {[%emt 0:02:03]} 43. Nf2+ {[%emt 0:00:43]} Kg3 {[%emt 0:00:20]} 44. Rg1+ {[%emt 0:00:13]} Kh2 $18 {[%emt 0:00:07]} 45. Rg6 {[%emt 0:01:07]} Nc2+ {[%emt 0:01:13]} 46. Kxf3 {[%emt 0:00:28]} Ne1+ {[%emt 0:00:22]} 47. Ke2 {[%emt 0:00:17]} Ng2 {[%emt 0:00:27]} 48. Ng4+ {[%emt 0:00:12]} 1-0

[Event "WYCC 2018 G14"]
[Site "Halkidiki"]
[Date "2018.10.30"]
[Round "11"]
[White "Ehsani, Yassamin"]
[Black "Yellamraju, Ambica"]
[Result "1/2-1/2"]
[WhiteElo "1875"]
[BlackElo "1647"]
[Annotator "NA"]
[PlyCount "98"]
[EventDate "2018.10.20"]
[EventType "swiss"]
[EventCountry "GRE"]
[SourceTitle "playchess.com"]
[Source "ChessBase"]
[SourceQuality "1"]
[TimeControl "40/5400+30:1800+30"]

1. d4 {[%emt 0:00:00]} d5 {[%emt 0:00:00]} 2. c4 {[%emt 0:00:00]} e6 {[%emt 0:00:00]} 3. Nc3 {[%emt 0:00:00]} Be7 {[%emt 0:00:00]} 4. cxd5 {[%emt 0:00:46]} exd5 {[%emt 0:00:03]} 5. Bf4 {[%emt 0:00:06]} c6 {[%emt 0:00:15]} 6. e3 {[%emt 0:01:00]} Bd6 {[%emt 0:00:24]} 7. Bxd6 {[%emt 0:03:40]} Qxd6 {[%emt 0:00:10]} 8. Bd3 {[%emt 0:00:41]} Ne7 {[%emt 0:00:51]} 9. Nge2 {[%emt 0:00:43]} Bf5 {[%emt 0:01:30]} 10. O-O {[%emt 0:01:04]} O-O {[%emt 0:01:28]} 11. a3 {[%emt 0:01:32]} a5 {[%emt 0:02:11]} 12. Bxf5 {[%emt 0:01:36]} Nxf5 {[%emt 0:00:55]} 13. Qb1 {[%emt 0:03:56]} g6 {[%emt 0:08:55]} 14. b4 {[%emt 0:04:14]} axb4 {[%emt 0:05:45]} 15. Qxb4 {[%emt 0:00:57]} Nd7 {[%emt 0:05:52]} 16. Na4 {[%emt 0:03:53]} Qxb4 {[%emt 0:16:13]} 17. axb4 {[%emt 0:00:35]} Nd6 {[%emt 0:00:12]} 18. Nec3 {[%emt 0:05:35]} f5 {[%emt 0:05:18]} 19. Rfb1 {[%emt 0:02:29]} b5 {[%emt 0:05:57]} 20. Nb2 {[%emt 0:01:33]} Nb6 {[%emt 0:01:23]} 21. g3 {[%emt 0:03:55]} g5 {[%emt 0:01:36]} 22. f3 {[%emt 0:07:48]} Nbc4 {[%emt 0:02:00]} 23. Nxc4 {[%emt 0:01:31]} Nxc4 {[%emt 0:00:17]} 24. Kf2 {[%emt 0:00:44]} Rfe8 {[%emt 0:01:53]} 25. Nd1 {[%emt 0:04:31]} Kf7 {[%emt 0:01:31]} 26. f4 {[%emt 0:06:36]} h6 {[%emt 0:01:07]} 27. h3 {[%emt 0:04:00]} Kg6 {[%emt 0:01:44]} 28. Rc1 {[%emt 0:02:48]} h5 {[%emt 0:01:22]} 29. h4 {[%emt 0:01:50]} g4 {[%emt 0:05:18]} 30. Ke2 {[%emt 0:00:48]} Kf6 {[%emt 0:00:55]} 31. Rcb1 {[%emt 0:01:09]} Ke6 {[%emt 0:00:24]} 32. Kd3 {[%emt 0:02:25]} Kd6 {[%emt 0:00:34]} 33. Rc1 {[%emt 0:01:14]} Kc7 {[%emt 0:00:54]} 34. Rcb1 {[%emt 0:01:18]} Kb6 {[%emt 0:00:07]} 35. Rc1 {[%emt 0:00:55]} Ra4 {[%emt 0:01:32]} 36. Rxa4 {[%emt 0:00:36]} bxa4 {[%emt 0:00:03]} 37. Ra1 {[%emt 0:01:10]} a3 {[%emt 0:01:11]} 38. Rb1 {[%emt 0:00:34]} Re7 {[%emt 0:02:36]} 39. Rc1 {[%emt 0:00:47]} Kb5 {[%emt 0:01:27]} 40. Rb1 {[%emt 0:00:00]} Ka6 {[%emt 0:00:00]} 41. Rc1 {[%emt 0:02:34]} Rb7 {[%emt 0:03:42]} 42. Rb1 {[%emt 0:00:34]} Rb8 {[%emt 0:07:24]} 43. Kc3 {[%emt 0:00:46]} Rb7 {[%emt 0:08:27]} 44. Kd3 {[%emt 0:01:07]} a2 {[%emt 0:04:09]} 45. Ra1 {[%emt 0:00:12]} Rxb4 {[%emt 0:00:19]} 46. Rxa2+ {[%emt 0:00:20]} Kb7 {[%emt 0:00:31]} 47. Kc2 {[%emt 0:01:48]} Nd6 {[%emt 0:01:25]} 48. Nf2 {[%emt 0:00:57]} Nc4 {[%emt 0:03:22]} 49. Nd1 {[%emt 0:00:15]} Nd6 1/2-1/2

[Event "WYCC 2018 G14"]
[Site "Halkidiki"]
[Date "2018.10.30"]
[Round "11"]
[White "Moracchini, Margaux"]
[Black "Mocanu, Paula"]
[Result "1-0"]
[WhiteElo "1838"]
[BlackElo "1680"]
[Annotator "NA"]
[PlyCount "77"]
[EventDate "2018.10.20"]
[EventType "swiss"]
[EventCountry "GRE"]
[SourceTitle "playchess.com"]
[Source "ChessBase"]
[SourceQuality "1"]
[TimeControl "40/5400+30:1800+30"]

1. e4 {[%emt 0:00:00]} e5 {[%emt 0:00:00]} 2. Nf3 {[%emt 0:00:00]} Nc6 {[%emt 0:00:00]} 3. d4 {[%emt 0:00:00]} exd4 {[%emt 0:00:00]} 4. Nxd4 {[%emt 0:00:00]} Bc5 {[%emt 0:00:23]} 5. Be3 {[%emt 0:00:06]} Qf6 {[%emt 0:04:36]} 6. Nb5 {[%emt 0:01:18]} Bxe3 {[%emt 0:00:42]} 7. fxe3 {[%emt 0:00:05]} Qd8 {[%emt 0:11:02]} 8. Qg4 {[%emt 0:00:46]} g6 {[%emt 0:02:25]} 9. Qf4 {[%emt 0:00:06]} d6 {[%emt 0:00:35]} 10. Bc4 {[%emt 0:00:20]} Ne5 {[%emt 0:10:06]} 11. O-O {[%emt 0:01:44]} Qe7 {[%emt 0:01:27]} 12. N1c3 {[%emt 0:02:02]} Nf6 {[%emt 0:56:58]} 13. Qxf6 {[%emt 0:01:52]} Qxf6 {[%emt 0:00:04]} 14. Rxf6 {[%emt 0:00:16]} O-O {[%emt 0:01:55]} 15. Be2 {[%emt 0:04:20]} Bg4 {[%emt 0:01:08]} 16. Bxg4 {[%emt 0:01:50]} Nxg4 17. Rf3 Ne5 {[%emt 0:02:00]} 18. Rf2 {[%emt 0:02:06]} Nc4 {[%emt 0:02:17]} 19. Nxc7 {[%emt 0:00:29]} Rad8 {[%emt 0:00:33]} 20. N3d5 {[%emt 0:03:01]} Kg7 {[%emt 0:01:08]} 21. Raf1 {[%emt 0:01:47]} Rc8 {[%emt 0:02:08]} 22. b3 {[%emt 0:00:32]} Nxe3 {[%emt 0:00:29]} 23. Nxe3 {[%emt 0:00:39]} Rxc7 {[%emt 0:00:05]} 24. Nd5 {[%emt 0:00:31]} Rcc8 {[%emt 0:00:46]} 25. Rf6 {[%emt 0:00:59]} Rxc2 {[%emt 0:00:40]} 26. Rxd6 {[%emt 0:00:23]} Rxa2 {[%emt 0:00:17]} 27. Rd7 {[%emt 0:01:11]} b6 {[%emt 0:00:48]} 28. Nc7 {[%emt 0:01:30]} Kg8 {[%emt 0:00:33]} 29. Nb5 {[%emt 0:02:04]} a6 {[%emt 0:00:42]} 30. Nd6 {[%emt 0:01:23]} f6 {[%emt 0:00:23]} 31. Rc1 {[%emt 0:02:37]} Rb2 {[%emt 0:00:45]} 32. Rcc7 {[%emt 0:00:52]} Rb1+ {[%emt 0:00:13]} 33. Kf2 {[%emt 0:00:03]} Rb2+ {[%emt 0:00:07]} 34. Kf3 {[%emt 0:00:19]} Rxb3+ {[%emt 0:01:02]} 35. Kf4 {[%emt 0:00:13]} Ra8 {[%emt 0:00:22]} 36. Rg7+ {[%emt 0:00:11]} Kh8 {[%emt 0:00:21]} 37. Rxh7+ {[%emt 0:00:09]} Kg8 {[%emt 0:00:06]} 38. Rcg7+ {[%emt 0:01:51]} Kf8 {[%emt 0:00:03]} 39. Rxg6 {[%emt 0:00:57]} 1-0

[Event "WYCC 2018 G14"]
[Site "Halkidiki"]
[Date "2018.10.30"]
[Round "11"]
[White "Brunner, Sophia"]
[Black "Baiburina, Kamilla"]
[Result "0-1"]
[WhiteElo "1812"]
[BlackElo "1907"]
[Annotator "NA"]
[PlyCount "72"]
[EventDate "2018.10.20"]
[EventType "swiss"]
[EventCountry "GRE"]
[SourceTitle "playchess.com"]
[Source "ChessBase"]
[SourceQuality "1"]
[TimeControl "40/5400+30:1800+30"]

1. e4 {[%emt 0:00:00]} e5 {[%emt 0:00:00]} 2. d4 {[%emt 0:00:00]} exd4 {[%emt 0:00:29]} 3. Qxd4 {[%emt 0:00:00]} Nc6 {[%emt 0:00:18]} 4. Qe3 {[%emt 0:00:24]} Nf6 {[%emt 0:00:35]} 5. Nc3 {[%emt 0:00:19]} Bb4 {[%emt 0:00:07]} 6. Bd2 {[%emt 0:03:01]} O-O {[%emt 0:01:18]} 7. O-O-O {[%emt 0:00:26]} Re8 {[%emt 0:01:16]} 8. Qg3 {[%emt 0:00:32]} Rxe4 {[%emt 0:09:54]} 9. f4 {[%emt 0:03:21]} d5 {[%emt 0:06:24]} 10. Bd3 {[%emt 0:09:03]} Re8 {[%emt 0:02:15]} 11. Nf3 {[%emt 0:14:17]} d4 $15 {[%emt 0:06:05]} ({Better is} 11... Bf8 $17 12. Rde1 Rxe1+ 13. Rxe1 Nb4) 12. Ne2 {[%emt 0:02:43]} Qd5 {[%emt 0:03:53]} 13. Kb1 {[%emt 0:06:43]} Be6 {[%emt 0:03:08]} 14. b3 {[%emt 0:00:29]} Bxd2 {[%emt 0:05:41]} 15. Rxd2 {[%emt 0:02:09]} Qa5 {[%emt 0:01:43]} 16. Kb2 {[%emt 0:07:16]} Nb4 {[%emt 0:04:14]} 17. a3 {[%emt 0:06:31]} Nxd3+ {[%emt 0:02:21]} 18. cxd3 {[%emt 0:00:38]} c5 {[%emt 0:02:10]} 19. Rhd1 {[%emt 0:09:33]} Qb6 {[%emt 0:01:40]} 20. Nc1 {[%emt 0:01:54]} a5 {[%emt 0:01:49]} 21. a4 {[%emt 0:01:26]} Bd7 {[%emt 0:03:32]} 22. Ka1 {[%emt 0:02:22]} Re3 {[%emt 0:01:05]} 23. Qg5 {[%emt 0:01:50]} Be6 {[%emt 0:01:16]} 24. Rb2 {[%emt 0:03:03]} Nd5 {[%emt 0:02:06]} 25. f5 {[%emt 0:01:36]} f6 {[%emt 0:00:38]} 26. Qg4 {[%emt 0:01:09]} Bf7 {[%emt 0:00:39]} 27. Nd2 {[%emt 0:01:00]} Nc3 {[%emt 0:01:50]} 28. Rf1 {[%emt 0:00:39]} Qb4 {[%emt 0:01:13]} 29. Nb1 {[%emt 0:05:35]} b5 {[%emt 0:03:56]} 30. Rff2 {[%emt 0:08:26]} bxa4 {[%emt 0:02:24]} 31. bxa4 {[%emt 0:00:22]} Qxa4+ {[%emt 0:00:16]} 32. Na2 {[%emt 0:00:25]} Nxa2 {[%emt 0:01:14]} 33. Rxa2 {[%emt 0:00:51]} Bxa2 {[%emt 0:00:09]} 34. Rxa2 {[%emt 0:00:05]} Qe8 {[%emt 0:00:14]} 35. Ra3 {[%emt 0:01:01]} Rb8 {[%emt 0:00:18]} 36. Qf4 {[%emt 0:00:37]} Re1 {[%emt 0:00:21]} 0-1

[Event "WYCC 2018 G14"]
[Site "Halkidiki"]
[Date "2018.10.30"]
[Round "11"]
[White "Obada, Ema"]
[Black "Velea, Anne-Marie"]
[Result "1/2-1/2"]
[WhiteElo "1811"]
[BlackElo "1859"]
[Annotator "NA"]
[PlyCount "46"]
[EventDate "2018.10.20"]
[EventType "swiss"]
[EventCountry "GRE"]
[SourceTitle "playchess.com"]
[Source "ChessBase"]
[SourceQuality "1"]
[TimeControl "40/5400+30:1800+30"]

1. e4 {[%emt 0:00:00]} c5 {[%emt 0:00:00]} 2. Nc3 {[%emt 0:00:00]} Nc6 {[%emt 0:00:00]} 3. Bb5 {[%emt 0:00:00]} Nd4 {[%emt 0:00:00]} 4. Bc4 {[%emt 0:00:00]} g6 {[%emt 0:00:04]} 5. Nge2 {[%emt 0:00:04]} Bg7 {[%emt 0:00:12]} 6. O-O {[%emt 0:01:34]} d6 {[%emt 0:01:46]} 7. d3 {[%emt 0:00:55]} e6 {[%emt 0:01:57]} 8. f4 {[%emt 0:02:53]} Ne7 {[%emt 0:01:28]} 9. Nxd4 {[%emt 0:01:05]} Bxd4+ {[%emt 0:08:09]} 10. Kh1 {[%emt 0:00:32]} O-O {[%emt 0:02:06]} 11. Bb3 {[%emt 0:05:20]} b6 {[%emt 0:07:29]} 12. Ne2 {[%emt 0:00:53]} Bg7 {[%emt 0:00:56]} 13. Ng3 {[%emt 0:01:42]} d5 {[%emt 0:04:27]} 14. Qe2 {[%emt 0:14:21]} b5 {[%emt 0:11:15]} 15. c3 {[%emt 0:04:56]} f5 {[%emt 0:12:32]} 16. e5 {[%emt 0:04:41]} Bb7 {[%emt 0:03:39]} 17. Be3 {[%emt 0:05:47]} Qc7 {[%emt 0:01:19]} 18. Qf2 {[%emt 0:01:53]} Rfc8 {[%emt 0:03:17]} 19. Ne2 {[%emt 0:06:31]} Bf8 {[%emt 0:05:46]} 20. Ng1 {[%emt 0:01:30]} a6 {[%emt 0:07:40]} 21. Nf3 {[%emt 0:01:57]} h6 {[%emt 0:01:23]} 22. h4 {[%emt 0:02:32]} h5 {[%emt 0:05:45]} 23. Ng5 {[%emt 0:00:30]} Qc6 1/2-1/2